| 000 | 01357nas1a22003011i 4500 | ||
|---|---|---|---|
| 001 | RU\NLR\BIBL_A\012127910 | ||
| 005 | 20241212175918.0 | ||
| 011 | _a2658-4166 | ||
| 035 | _a(NLR Aleph) 012127910 | ||
| 090 |
_a12030021 _c12030021 |
||
| 100 | _a20191024a20189999|||y0rusy50 ba | ||
| 101 | 0 | _arus | |
| 102 | _aRU | ||
| 110 | _aahuzz 0|y| | ||
| 200 | 1 |
_aPallium: паллиативная и хосписная помощь _dPallium: palliative and hospice care _eроссийский научно-практический журнал _fАссоц. проф. участников хосписной помощи _zeng |
|
| 210 |
_aМосква _cСтриж Медиа _d2019 - |
||
| 510 | 1 |
_aPallium: palliative and hospice care _zeng |
|
| 606 | 1 |
_aПаллиативная помощь _jПериодические издания _92323076 _3RU\NLR\AUTH\661389697 |
|
| 606 | 1 |
_aХосписы _jПериодические издания _xОрганизация работы _92258316 _3RU\NLR\AUTH\661354247 |
|
| 686 | 1 | _aР11(2)298я52 | |
| 686 | 1 | _aР11(2)299я52 | |
| 712 | 0 | 2 |
_4570 _aАссоциация профессиональных участников хосписной помощи _cМосква _9685509 _3RU\NLR\AUTH\880512482 |
| 852 |
_aNLR _jП17/1827 |
||
| 852 | _aNLR | ||
| 942 | _cJOURNAL | ||
| 980 | _aRUSPER | ||